00488nam a2200157 a 450000500170000000800410001702000180005805000230007610000180009924500710011726000390018830000170022744000280024465000190027265000390029120140412111359.0060126s19uu xx 00 eng d a0-439-22155-2 aTR(PS EbDu85 2001 aHaskins, Lori aDucks in muck /cby Lori Haskins ; illustrated by Valeria Petrone. aNew York :bScholastic Inc,c2001. a32 p. ; ill. aEarly Step into Reading aDucksxFiction aStories in rhymexChildren stories